000 01157nam a2200289 a 4500
003 BLK
005 20241016174312.0
008 181218b bu ||||| |||| 00| 0 bu d
020 _a9789545276866
040 _aBLK
041 _aBUL
_cBUL
080 _aМедицина
_b61
_z61
080 _aПедиатрия. Детски болести. Вж и 613.22 ; 613.95
_b616-053.2
_z616-053.2
100 _91299
_aКунас, Маури
_eпърви автор
139 _aКунас, Маури
_bК 93
245 _aОтиваме на лекар
_bМаури Кунас; науч. ред. Катрийна Каупила; прев. Росица Цветанова
257 _aFIN
260 _9209515
_aСофия
_bДамян Яков
_c2024
300 _a30 с.
_bс цв. ил.
_c29 см
380 _aDN
650 0 _9260921
_aДетски болести - лечение
658 _9243025
_aДетска и юношеска литература
700 _9350431
_aЦветанова, Росица
_eпрев.
942 _cKNG
_n0
_058
_s1
944 _cНора Радева
_k30537
_lГрета Цуфелде
999 _c518636
_d518636
999 _d518636